1548 1541 1136 1129 1792 1344 1935 1457 1752 1629 1468 1110 1799 1614 1004 1147 1082 1097 1435 1980 1710 1069 1336 1686 1927 1943 1898 1426 1992 1305 1165 1549 1140 1467 1873 1802 1771 1226 1397 1194 1225 1719 1188 1820 1185 1176 1577 1598 1371 1292 1511 1827 1966 1388 1965 1687 1718 1313 1551 1087 1258 1087 1990 1553 1751 1605 1941 1543 1484 1269 1513 1638 1363 1138 1085 1650 1489 1180 1422 1839 1579 1434 1876 1426 1909 1808 1653 1653 1398 1929 1016 1828 1315 1983 1742 1911 1265 1840 1321 BCNSPRNW ULIB Ver.6.0+V

เปลี่ยนเป็นภาษาไทย

Change to English
 แสดงรายละเอียดบรรณานุกรม
  กลับหน้าหลัก

Brief Record : Get Marc (ISO 2709) : E-mail record : QR code < ปิดหน้าต่าง
LEADER : 00000nam 2200000uu 4500
001    13399112651
003     ULIB
008    110830s2550||||th 000 0 tha d
020    9749499468
020    9789749499467
050  4 HV5740^bป196ส 2550
100 0  ประกิต วาทีสาธกกิจ
245 10 สงครามการค้ายาสูบ :^bบันทึกไว้เป็นประวัติศาสตร์ 2 /^cโดยประกิต วาทีสาธกกิจ
246 30 บันทึกไว้เป็นประวัติศาสตร์ 2
250    พิมพ์ครั้งที่ 2
260    กรุงเทพฯ :^bมูลนิธิรณรงค์เพื่อการไม่สูบบุหรี่,^c2550
300    (27), 228 หน้า ;^cภาพประกอบ. ;^c21 ซม.
650  4 การเจรจาการค้า
650  4 การค้าเสรี
650  4 การเลิกบุหรี่
650  4 การสูบบุหรี่
650  4 บุหรี่^xการค้า^zไทย
650  4 บุหรี่^xการตลาด
710 2  มูลนิธิรณรงค์เพื่อการไม่สูบบุหรี่
945    ^p155^l0^i022903
995    ทศพร
999 ^a ทศพร
รายการนี้ยังไม่มีแท็ก
คุณยังไม่ได้ล็อกอิน คุณสามารถมีกิจกรรมร่วมกับเว็บไซต์ได้ แต่ต้องล็อกอินก่อน ::
  ล็อกอิน

รายการสื่อสารสนเทศ

ลำดับที่ ประเภท เลขเรียก/บาร์โค้ด สถานที่ สถานะ
- ไม่พบข้อมูล -

รายการใกล้เคียง
    ผู้แต่ง [ประกิต วาทีสาธกกิจ]

    หัวเรื่อง [การค้าเสรี]
    หัวเรื่อง [การเลิกบุหรี่]
    หัวเรื่อง [การสูบบุหรี่]

BibComment


ยังไม่เคยถูกคอมเมนท์

คอมเมนท์ทรัพยากรรายการนี้
  คอมเมนท์: สงครามการค้ายาสูบ..


 Copyright 2026. Bcnsprnw @Library